| 000 | 01464cam a22004454i 4500 | ||
|---|---|---|---|
| 003 | PE-LiUPU | ||
| 005 | 20250731173118.0 | ||
| 008 | 200123s2008 ck a r 000 0 spa d | ||
| 020 | _a082975685X | ||
| 020 | _a9780829756852 | ||
| 035 | _a(Sirsi) a252800 | ||
| 040 |
_aPE-LiUPU _bspa _cPE-LiUPU _erda |
||
| 049 | _aPRUA | ||
| 082 | 0 | 4 |
_a222.11 _bB582 _223 |
| 130 |
_aBiblia. _pGénesis _91042 |
||
| 245 | 1 | 0 |
_aBiblia de estudio NVI Arqueológica : _bun camino ilustrado a través de la historia bíblica y su cultura / _cThe Zondervan Corporation, diseño de cubierta por Jaime DeBruyn, foto de cubierta por Getty Images |
| 264 | 1 |
_aColombia : _bEditorial vida, _c2008. |
|
| 300 |
_a89 páginas : _bilustraciones ; _c24 centímetros. |
||
| 336 |
_atext _2rdacontent |
||
| 337 |
_aunmediated _2rdamedia |
||
| 338 |
_avolume _2rdacarrier |
||
| 500 | _aLibro de Génesis. Muestra gratuita. | ||
| 505 | 0 | _aComentarios sobre el libro de Génesis. | |
| 526 | _aSEG42 | ||
| 526 | _aSEG41 | ||
| 526 | _aSEG40 | ||
| 526 | _aSEG39 | ||
| 526 | _aP94 | ||
| 526 | _aP87 | ||
| 526 | _aP86 | ||
| 526 | _aP85 | ||
| 526 | _aP77 | ||
| 526 | _aP76 | ||
| 526 | _aP35 | ||
| 630 | 0 |
_aBiblia. _pGénesis _xCrítica, interpretación, etc. _91041 |
|
| 910 | _adbm | ||
| 942 |
_2ddc _cBK |
||
| 980 |
_81 _gALBERTO SANCHEZ Responsable de Automatización |
||
| 999 |
_c32022 _d32022 |
||